[Event "Foment Martinenc op-A 23rd"]
[Site "Barcelona"]
[Date "2023.06.17"]
[Round "9"]
[White "Icart Pujol, Elies"]
[Black "Chavarria Llambrich, Pep"]
[Result "0-1"]
[WhiteElo "1713"]
[BlackElo "2012"]
[PlyCount "94"]
[EventDate "2023.04.22"]
[EventType "swiss"]
[EventRounds "9"]
[EventCountry "ESP"]
[SourceTitle "EXT 2024"]
[Source "ChessBase"]
[SourceDate "2023.10.10"]
[SourceVersion "1"]
[SourceVersionDate "2023.10.10"]
[SourceQuality "1"]

1. Nf3 d5 2. g3 Nf6 3. Bg2 e6 4. 0-0 Be7 5. c4 0-0 6. d4 dxc4 7. Qc2 b5 8. a4 b4 9. Ne5 Nd5 10. Nxc4 a5 11. Nbd2 Bb7 12. Nb3 Nc6 13. Rd1 f5 14. e4 fxe4 15. Bxe4 h6 16. Be3 Qc8 17. Rac1 Nxe3 18. Nxe3 Nd8 19. d5 exd5 20. Nxd5 Bd6 21. Nxc7 Bxc7 22. Bxb7 Qxb7 23. Qxc7 Qf3 24. Qc4+ Kh8 25. Rf1 Nf7 26. Nd4 Qh5 27. Ne6 Ne5 28. Nf4 Nxc4 29. Nxh5 Nxb2 30. Ra1 Nd3 31. Rad1 Rad8 32. Rd2 Ne5 33. Re2 Nc4 34. Re7 g6 35. Nf4 Rd6 36. Rc1 Rc8 37. Ra7 g5 38. Nh5 Rdc6 39. Nf6 Rxf6 40. Rxa5 Nxa5 41. Rxc8+ Kg7 42. Rc5 Ra6 43. Rb5 b3 44. Kf1 Nc4 45. Ke2 b2 46. Kd3 Rxa4 47. Kc3 Ra1 0-1

[Event "Foment Martinenc op-A 23rd"]
[Site "Barcelona"]
[Date "2023.04.29"]
[Round "2"]
[White "Chavarria Llambrich, Pep"]
[Black "Riera Ribas, Marti"]
[Result "1-0"]
[WhiteElo "2012"]
[BlackElo "1564"]
[PlyCount "119"]
[EventDate "2023.04.22"]
[EventType "swiss"]
[EventRounds "9"]
[EventCountry "ESP"]
[SourceTitle "EXT 2024"]
[Source "ChessBase"]
[SourceDate "2023.10.10"]
[SourceVersion "1"]
[SourceVersionDate "2023.10.10"]
[SourceQuality "1"]

1. d4 Nf6 2. c4 g6 3. Nf3 Bg7 4. g3 0-0 5. Bg2 c5 6. 0-0 cxd4 7. Nxd4 Nc6 8. Nc3 a6 9. e3 Qc7 10. b3 d6 11. Bb2 Bd7 12. Rc1 Nxd4 13. exd4 Bc6 14. d5 Bd7 15. Ne2 Bf5 16. Nd4 Qd7 17. Re1 Rfe8 18. Nxf5 Qxf5 19. Rc2 Rac8 20. Rce2 Rc7 21. Qd4 Nh5 22. Qb6 Qd7 23. Bxg7 Nxg7 24. Bh3 e6 25. Rd1 Rd8 26. dxe6 Nxe6 27. Rxe6 fxe6 28. Bxe6+ Qxe6 29. Qxc7 Rd7 30. Qa5 Qe2 31. Re1 Qf3 32. Qd2 Qf6 33. c5 Qd8 34. Rd1 d5 35. Qd4 Qa5 36. Rd2 Qd8 37. Re2 Kf7 38. b4 Qf6 39. Qxf6+ Kxf6 40. f4 d4 41. Kf2 d3 42. Rd2 Rd4 43. a3 a5 44. Ke3 Rc4 45. Kxd3 Rc1 46. Rb2 Ra1 47. b5 Rxa3+ 48. Kd4 Ra4+ 49. Kd5 Rb4 50. Rxb4 axb4 51. Kc4 Ke6 52. Kxb4 Kd5 53. h4 h5 54. b6 Kc6 55. Kc4 Kd7 56. Kd5 Kc8 57. c6 bxc6+ 58. Kxc6 Kb8 59. b7 g5 60. fxg5 1-0

[Event "Catalan-ch U10/20"]
[Site "Tarragona"]
[Date "2022.04.10"]
[Round "2"]
[White "Chavarria Llambrich, Pep"]
[Black "Garcia Caro, Juan Alber"]
[Result "0-1"]
[WhiteElo "1656"]
[BlackElo "2064"]
[PlyCount "106"]
[EventDate "2022.04.09"]
[EventType "swiss"]
[EventRounds "9"]
[EventCountry "ESP"]
[SourceTitle "EXT 2023"]
[Source "ChessBase"]
[SourceDate "2022.10.05"]
[SourceVersion "1"]
[SourceVersionDate "2022.10.05"]
[SourceQuality "1"]

1. d4 d5 2. c4 e6 3. Nc3 Nf6 4. cxd5 exd5 5. Bg5 c6 6. Qc2 Be7 7. e3 Ne4 8. Bxe7 Qxe7 9. Nxd5 cxd5 10. Qxc8+ Qd8 11. Bb5+ Nc6 12. Bxc6+ bxc6 13. Qxc6+ Kf8 14. Ne2 Rc8 15. Qa6 Rc2 16. Rc1 Rxc1+ 17. Nxc1 h5 18. Qxa7 Rh6 19. Nd3 Qc8 20. Nc5 Kg8 21. Qd7 Qa8 22. Nxe4 dxe4 23. 0-0 Rc6 24. Qd5 Qe8 25. Qxh5 Rc2 26. Rb1 Qa4 27. Qd1 Rxb2 28. Rc1 Qb5 29. a4 Qb7 30. h3 g6 31. d5 Qb4 32. Qd4 Qxd4 33. exd4 Rb4 34. Rc8+ Kg7 35. a5 Kf6 36. a6 Ra4 37. Re8 Rxa6 38. Rxe4 Rd6 39. Re5 Kg7 40. Kf1 Rd7 41. Ke2 f6 42. Re6 Rxd5 43. Ke3 Kf7 44. Re4 Ra5 45. Kf3 Rd5 46. g4 Rd8 47. h4 Rh8 48. Kg3 Rd8 49. f3 Rd5 50. Kf4 Rd8 51. h5 gxh5 52. gxh5 Rd5 53. Kg4 f5+ 0-1